Robert de Niro Film - Statistiques

Statistiques générales
  • Ce quiz a été pris 138 fois
  • Le résultat moyen est 10 sur 18
Statistiques - réponses
Par images Réponse % Correct
Taxi driver
94%
Casino
90%
Heat
84%
Les Affranchis
82%
Raging Bull
81%
Le Parrain 2
67%
Joker
62%
Il était une fois en Amérique
55%
les incorruptibles
51%
The Irishman
46%
Jackie Brown
45%
Les nerfs à vif
45%
La valse des pantins
41%
Killers of the flower moon
35%
Il était une fois le Bronx
33%
Mission
30%
Mean streets
29%
Angel Heart
20%
Aucun quiz correspondant
Distribution des résultats
% des personnes avec chaque résultat
Percentile par nombre de réponses
Votre historique - résultats
Vous n’avez pas pris ce quiz